An Evaluation of effecttiveness of appraisal systems on staff performance in parastatals : (Record no. 16149)
[ view plain ]
| 000 -LEADER | |
|---|---|
| fixed length control field | 00931cam a22002412 4500 |
| 001 - CONTROL NUMBER | |
| control field | 0000024976 |
| 003 - CONTROL NUMBER IDENTIFIER | |
| control field | OSt |
| 005 - DATE AND TIME OF LATEST TRANSACTION | |
| control field | 20161006101938.0 |
| 008 - FIXED-LENGTH DATA ELEMENTS--GENERAL INFORMATION | |
| fixed length control field | 140410s xx 000 0 eng d |
| 040 ## - CATALOGING SOURCE | |
| Original cataloging agency | KABU |
| Transcribing agency | KABU |
| 050 ## - LIBRARY OF CONGRESS CALL NUMBER | |
| Classification number | KTC HF5549.5 |
| Item number | .R3N37 2013 c. 1 |
| 100 1# - MAIN ENTRY--PERSONAL NAME | |
| Personal name | Nasimiyu, Burudi Alice. |
| 245 13 - TITLE STATEMENT | |
| Title | An Evaluation of effecttiveness of appraisal systems on staff performance in parastatals : |
| Remainder of title | a case of National Cereals and Produce Board, Kenya / |
| Statement of responsibility, etc. | Burudi Alice Nasimiyu. |
| 250 ## - EDITION STATEMENT | |
| Edition statement | 1st ed. |
| 260 ## - PUBLICATION, DISTRIBUTION, ETC. (IMPRINT) | |
| Place of publication, distribution, etc. | Nakuru : |
| Name of publisher, distributor, etc. | Kabarak University, |
| Date of publication, distribution, etc. | 2013. |
| 300 ## - PHYSICAL DESCRIPTION | |
| Extent | xi, 63 leaves. |
| 502 ## - DISSERTATION NOTE | |
| Dissertation note | Thesis (MBA) - Kabarak University, 2013. |
| 650 #0 - SUBJECT ADDED ENTRY--TOPICAL TERM | |
| Topical term or geographic name as entry element | Employees |
| General subdivision | Rating of. |
| 908 ## - PUT COMMAND PARAMETER (RLIN) | |
| Put command parameter | 140410 |
| 942 ## - ADDED ENTRY ELEMENTS (KOHA) | |
| Source of classification or shelving scheme | Library of Congress Classification |
| Koha item type | General Collection |
| Classification part | HF5549.5 |
| Item part | .R3N37 2013 c. 1 |
| Call number prefix | KTC |
| Withdrawn status | Lost status | Source of classification or shelving scheme | Not for loan | Home library | Current library | Shelving location | Date acquired | Total Checkouts | Full call number | Barcode | Date last seen | Copy number | Price effective from | Koha item type |
|---|---|---|---|---|---|---|---|---|---|---|---|---|---|---|
| Library of Congress Classification | Kabarak, Main Campus | Kabarak, Nakuru City Campus | General Stacks | 06/10/2016 | KTC HF5549.5 .R3N37 2013 c. 1 | 016518 | 06/10/2016 | c. 1 | 06/10/2016 | General Collection |